000 00230nam a2200097Ia 4500
008 240331s9999 xx 000 0 und d
082 _bWOM
100 _aJayaweera, S. ed
245 0 _aWomen in post-independence Sri Lanka
942 _cL
999 _c1500
_d1500